000 00533nam a2200145Ia 4500
999 _c5962
_d5962
020 _a9780815143857
082 _a616.994059
_bSAB
100 _aSabel,Michael S.
245 0 _a Surgical foundations : essentials of surgical oncology /
_cby Sabel,Michael S.
260 _aPhiladelphia
_bMosby Elsevier
_c2007
300 _a464
_bill
_c25cm
504 _ainclude:index
650 _a1-Neoplasm-Surgery 2-Oncology-Surgical tecniques
_vprinciples of surgical therapy. principles of radiation therapy, invasive breast cancer
942 _cBK
_2ddc